000 00270nam a2200109Ia 4500
008 191201s2013 xx 000 0 und d
100 _aBAJAJ, Sandeep
245 0 _aThermodynamics-1
260 _c2013
_bIshan Publications
_aNEW DELHI
300 _a376
942 _2ddc
_cBK
_012
999 _c8096
_d8096